Sharjah Art Foundation Library

مشروع الإستراتيجية العربية للتنمية المسرحية: (Record no. 6650)

MARC details
000 -LEADER
fixed length control field 00847nam a2200169Ia 4500
001 - CONTROL NUMBER
control field 6650
008 - FIXED-LENGTH DATA ELEMENTS--GENERAL INFORMATION
fixed length control field 260622s9999 xx 000 0 und d
020 ## - INTERNATIONAL STANDARD BOOK NUMBER
International Standard Book Number 9789948203452
245 #0 - TITLE STATEMENT
Title مشروع الإستراتيجية العربية للتنمية المسرحية:
Remainder of title وثائق ندوات و ملتقيات علمية عربية/
Statement of responsibility, etc. إسماعيل عبدالله، د. يوسف عايدابي، غنّام غنّام
260 ## - PUBLICATION, DISTRIBUTION, ETC.
Place of publication, distribution, etc. الشارقة؛
Name of publisher, distributor, etc. الهيئة العربية للمسرح؛
Date of publication, distribution, etc. 2012
300 ## - PHYSICAL DESCRIPTION
Extent 85p;
Dimensions 24x14cm
520 ## - SUMMARY, ETC.
Summary, etc. Project- Arab Strategy for the Development of Playwrighting/ Ismail Abdullah; Dr. Yousef Aydabi; Ghunnam Ghunnam Conference resources and Arabic sceintific meetings
546 ## - LANGUAGE NOTE
Language note Arabic
650 ## - SUBJECT ADDED ENTRY--TOPICAL TERM
Topical term or geographic name entry element PN2000-3307 Literature- Dramatic representation. The theater
651 ## - SUBJECT ADDED ENTRY--GEOGRAPHIC NAME
Geographic name Arab World
942 ## - ADDED ENTRY ELEMENTS (KOHA)
Koha item type Book
Holdings
Withdrawn status Lost status Damaged status Not for loan Collection Home library Current library Date acquired Total Checkouts Full call number Barcode Date last seen Price effective from Koha item type
        Language and Literature SAF Reference Library SAF Reference Library 06/22/2026   PN2000-3307 10.871 6650 06/22/2026 06/22/2026 Book

Copyright © 2022. Sharjah Art Foundation. All Rights Reserved.